[Event "Rishon Le Ziyyon YM-IM"]
[Site "Rishon Le Ziyyon"]
[Date "1995.??.??"]
[Round "5"]
[White "Rabinovich, Alexander"]
[Black "Kantsler, Boris"]
[Result "0-1"]
[WhiteElo "2280"]
[BlackElo "2430"]
[PlyCount "96"]
[GameId "1166638943072256"]
[EventDate "1995.??.??"]
[EventType "tourn"]
[EventRounds "11"]
[EventCountry "ISR"]
[EventCategory "4"]
[SourceTitle "EXT 1997"]
[Source "ChessBase"]
[SourceDate "1996.11.15"]
[SourceVersion "1"]
[SourceVersionDate "1996.11.15"]
[SourceQuality "1"]

1. d4 d6 2. e4 g6 3. c4 Bg7 4. Nc3 Nd7 5. f3 e5 6. Nge2 c6 7. Be3 Bh6 8. Bxh6 Nxh6 9. Qd2 Ng8 10. O-O-O Ngf6 11. g4 Qe7 12. Ng3 h5 13. g5 Nh7 14. h4 f6 15. gxf6 Qxf6 16. dxe5 dxe5 17. Bh3 Nhf8 18. Qe3 Rh7 19. Nge2 Rf7 20. Rdf1 Nb6 21. Bxc8 Rxc8 22. c5 Nbd7 23. f4 exf4 24. Nxf4 Ne5 25. Qh3 Qd8 26. Rd1 Qc7 27. Ne6 Nxe6 28. Qxe6+ Kf8 29. Rhf1 Re8 30. Qh3 Rxf1 31. Rxf1+ Kg7 32. Rd1 Rd8 33. Rxd8 Qxd8 34. Qe6 Nf3 35. a3 Nxh4 36. e5 Nf5 37. Ne4 Qe7 38. Qc8 Qxe5 39. Qxb7+ Ne7 40. Qb4 h4 41. Qc3 Qxc3+ 42. Nxc3 h3 43. Ne4 Kf7 44. Nf2 h2 45. Nh1 g5 46. Kd2 g4 47. Ke2 Kf6 48. b4 Ke6 0-1

[Event "Rishon Le Ziyyon YM-IM"]
[Site "Rishon Le Ziyyon"]
[Date "1995.??.??"]
[Round "7"]
[White "Rabinovich, Alexander"]
[Black "Zifroni, Dov"]
[Result "0-1"]
[WhiteElo "2280"]
[BlackElo "2370"]
[PlyCount "68"]
[GameId "1166638943121408"]
[EventDate "1995.??.??"]
[EventType "tourn"]
[EventRounds "11"]
[EventCountry "ISR"]
[EventCategory "4"]
[SourceTitle "EXT 1997"]
[Source "ChessBase"]
[SourceDate "1996.11.15"]
[SourceVersion "1"]
[SourceVersionDate "1996.11.15"]
[SourceQuality "1"]

1. d4 d5 2. c4 e6 3. Nc3 Nf6 4. Nf3 c5 5. cxd5 Nxd5 6. e4 Nxc3 7. bxc3 cxd4 8. cxd4 Bb4+ 9. Bd2 Bxd2+ 10. Qxd2 O-O 11. Be2 b6 12. O-O Bb7 13. Qf4 Nc6 14. Rfd1 Qe7 15. Bf1 Rfd8 16. d5 Na5 17. dxe6 Qxe6 18. Qh4 Rxd1 19. Rxd1 h6 20. a4 Qb3 21. Rd7 Re8 22. Re7 Rd8 23. Qf4 Kf8 24. Qc7 Rd1 25. Rd7 Rxf1+ 26. Kxf1 Ba6+ 27. Ke1 Qb1+ 28. Kd2 Nc4+ 29. Kc3 Qb2+ 30. Kd3 Nd6+ 31. Ke3 Qe2+ 32. Kf4 g5+ 33. Ke5 Qxe4+ 34. Kf6 Qe6# 0-1

[Event "Rishon Le Ziyyon YM-IM"]
[Site "Rishon Le Ziyyon"]
[Date "1995.??.??"]
[Round "9"]
[White "Kaminik, Aleksandar"]
[Black "Rabinovich, Alexander"]
[Result "0-1"]
[WhiteElo "2215"]
[BlackElo "2280"]
[PlyCount "70"]
[GameId "1166638943166464"]
[EventDate "1995.??.??"]
[EventType "tourn"]
[EventRounds "11"]
[EventCountry "ISR"]
[EventCategory "4"]
[SourceTitle "EXT 1997"]
[Source "ChessBase"]
[SourceDate "1996.11.15"]
[SourceVersion "1"]
[SourceVersionDate "1996.11.15"]
[SourceQuality "1"]

1. d4 d5 2. c4 e6 3. Nc3 c5 4. e3 Nc6 5. Nf3 Nf6 6. Bd3 dxc4 7. Bxc4 cxd4 8. exd4 Be7 9. O-O O-O 10. Be3 a6 11. a4 Nb4 12. a5 Bd7 13. Ne5 Bc6 14. Nxc6 Nxc6 15. Qa4 Bb4 16. Rfd1 Bxa5 17. d5 b5 18. Qa2 exd5 19. Bxd5 Nxd5 20. Nxd5 Qc8 21. Bb6 Bb4 22. Rac1 Qb7 23. Qb3 Rfc8 24. Qf3 Bd6 25. Bc7 Bxc7 26. Rxc6 Bxh2+ 27. Kxh2 Rxc6 28. Nf6+ gxf6 29. Qg4+ Kh8 30. Rd7 Qb8+ 31. g3 Qe8 32. Qd4 Rac8 33. Qa7 Rc5 34. g4 Ra8 35. Qb7 Qb8+ 0-1

[Event "EU-ch U18"]
[Site "Rimavska Sobota"]
[Date "1996.??.??"]
[Round "1"]
[White "Vergun, Dmitri"]
[Black "Rabinovich, Alexander"]
[Result "0-1"]
[WhiteElo "2150"]
[BlackElo "2295"]
[PlyCount "54"]
[GameId "1166639371550720"]
[EventDate "1996.??.??"]
[EventType "swiss"]
[EventRounds "9"]
[EventCountry "SVK"]
[SourceTitle "EXT 1997"]
[Source "ChessBase"]
[SourceDate "1996.11.15"]
[SourceVersion "1"]
[SourceVersionDate "1996.11.15"]
[SourceQuality "1"]

1. e4 e6 2. d4 d5 3. Nd2 Nf6 4. e5 Nfd7 5. f4 c5 6. c3 Nc6 7. Ndf3 cxd4 8. cxd4 Qb6 9. Ne2 f6 10. Nc3 Be7 11. a3 fxe5 12. fxe5 O-O 13. Na4 Qc7 14. Bd3 Rxf3 15. gxf3 Nxd4 16. f4 Nxe5 17. O-O Nxd3 18. Qxd3 Bf6 19. Bd2 Bd7 20. Nc3 Be8 21. f5 Nxf5 22. Nxd5 Qc5+ 23. Be3 Nxe3 24. Nxe3 Bb5 25. Qe4 Bxf1 26. Qxe6+ Kf8 27. Rxf1 Re8 0-1

[Event "EU-ch U18"]
[Site "Rimavska Sobota"]
[Date "1996.??.??"]
[Round "2"]
[White "Rabinovich, Alexander"]
[Black "Socko, Bartosz"]
[Result "1-0"]
[WhiteElo "2295"]
[BlackElo "2445"]
[PlyCount "103"]
[GameId "1166639371612160"]
[EventDate "1996.??.??"]
[EventType "swiss"]
[EventRounds "9"]
[EventCountry "SVK"]
[SourceTitle "EXT 1997"]
[Source "ChessBase"]
[SourceDate "1996.11.15"]
[SourceVersion "1"]
[SourceVersionDate "1996.11.15"]
[SourceQuality "1"]

1. d4 Nf6 2. c4 e6 3. Nc3 Bb4 4. Qc2 O-O 5. a3 Bxc3+ 6. Qxc3 b6 7. Bg5 c5 8. dxc5 bxc5 9. e3 Nc6 10. Nf3 h6 11. Bh4 Rb8 12. Bd3 d6 13. O-O e5 14. Rad1 Bg4 15. Bxf6 Qxf6 16. Be4 Rb6 17. Rd2 Qe7 18. Rb1 Bxf3 19. gxf3 Rfb8 20. Rbd1 Nd8 21. b4 Ne6 22. b5 Ng5 23. Qd3 Kh8 24. Kh1 g6 25. a4 f5 26. Bc6 Rd8 27. Rg1 Kh7 28. a5 Rbb8 29. Ra2 e4 30. fxe4 fxe4 31. Qd5 Rf8 32. Rxg5 hxg5 33. Qxe4 Qf6 34. b6 Rf7 35. b7 a6 36. Rd2 Rd8 37. Kg2 Re7 38. Qf3 Qc3 39. Rxd6 Rb8 40. Rd7 Qe5 41. Qh3+ Kg7 42. e4 Rxd7 43. Qxd7+ Kh6 44. Qc8 Qf4 45. h3 Qe5 46. Bd5 Qd6 47. Qc6 Qe5 48. Bf7 Qg7 49. Qc7 Qh8 50. Qd6 Kg7 51. Qxg6+ Kf8 52. Bd5 1-0

[Event "EU-ch U18"]
[Site "Rimavska Sobota"]
[Date "1996.??.??"]
[Round "4"]
[White "Rabinovich, Alexander"]
[Black "Hnydiuk, Aleksander"]
[Result "1-0"]
[WhiteElo "2295"]
[BlackElo "2280"]
[PlyCount "71"]
[GameId "1166639371796480"]
[EventDate "1996.??.??"]
[EventType "swiss"]
[EventRounds "9"]
[EventCountry "SVK"]
[SourceTitle "EXT 1997"]
[Source "ChessBase"]
[SourceDate "1996.11.15"]
[SourceVersion "1"]
[SourceVersionDate "1996.11.15"]
[SourceQuality "1"]

1. d4 f5 2. Bf4 Nf6 3. e3 g6 4. h4 Bg7 5. h5 d6 6. h6 Bf8 7. c4 e6 8. Nc3 Be7 9. Qc2 O-O 10. O-O-O Qe8 11. Nf3 Ng4 12. Bg3 a6 13. e4 Qf7 14. exf5 exf5 15. Bf4 Nc6 16. Qd2 Bd7 17. Nd5 Rac8 18. Ng5 Bxg5 19. Bxg5 f4 20. f3 Ne3 21. Nxe3 fxe3 22. Bxe3 d5 23. b3 Be6 24. Qc3 Rcd8 25. Be2 Ne7 26. g4 Kh8 27. Bg5 Rd7 28. f4 Ng8 29. Rhf1 Qe8 30. Rde1 Nf6 31. Bxf6+ Rxf6 32. cxd5 Rxd5 33. Bc4 Qc6 34. Kb2 Rd6 35. d5 Bxd5 36. g5 1-0

[Event "EU-ch U18"]
[Site "Rimavska Sobota"]
[Date "1996.??.??"]
[Round "5"]
[White "Turov, Maxim"]
[Black "Rabinovich, Alexander"]
[Result "1/2-1/2"]
[WhiteElo "2410"]
[BlackElo "2295"]
[PlyCount "79"]
[GameId "1166639371907072"]
[EventDate "1996.??.??"]
[EventType "swiss"]
[EventRounds "9"]
[EventCountry "SVK"]
[SourceTitle "EXT 1997"]
[Source "ChessBase"]
[SourceDate "1996.11.15"]
[SourceVersion "1"]
[SourceVersionDate "1996.11.15"]
[SourceQuality "1"]

1. e4 e6 2. d4 d5 3. e5 c5 4. c3 Qb6 5. Nf3 Bd7 6. Nbd2 cxd4 7. Nxd4 Nc6 8. Nxc6 bxc6 9. Bd3 Ne7 10. O-O Ng6 11. Nf3 Be7 12. Qe2 O-O 13. h4 Rfb8 14. Rb1 a5 15. Ng5 Bxg5 16. Bxg5 Qc7 17. Rbe1 c5 18. h5 Nxe5 19. Bf4 f6 20. h6 Be8 21. b3 Bg6 22. Bxe5 Qxe5 23. Qg4 Qh5 24. Qxe6+ Bf7 25. Qd6 Qxh6 26. Re7 Qd2 27. Rxf7 Qxd3 28. Rd7 Re8 29. Qxc5 Rac8 30. Qxd5+ Qxd5 31. Rxd5 a4 32. Rc1 Re2 33. c4 Rxa2 34. bxa4 Rxa4 35. c5 Ra5 36. f4 g6 37. Rc3 Rc7 38. Kf2 Kf7 39. Ke3 Ke7 40. g3 1/2-1/2

[Event "Budapest FS06 GM"]
[Site "Budapest"]
[Date "1998.??.??"]
[Round "4"]
[White "Paschall, William M"]
[Black "Rabinovich, Alexander"]
[Result "0-1"]
[WhiteElo "2375"]
[BlackElo "2425"]
[PlyCount "74"]
[GameId "1166641130000384"]
[EventDate "1998.06.??"]
[EventType "tourn"]
[EventRounds "13"]
[EventCountry "HUN"]
[EventCategory "7"]
[SourceTitle "EXT 1999"]
[Source "ChessBase"]
[SourceDate "1998.11.10"]
[SourceVersion "1"]
[SourceVersionDate "1998.11.10"]
[SourceQuality "1"]

1. d4 d5 2. Nf3 c6 3. c4 e6 4. Nc3 dxc4 5. a4 Bb4 6. e3 b5 7. Bd2 Qe7 8. axb5 Bxc3 9. Bxc3 cxb5 10. d5 Nf6 11. d6 Qb7 12. b3 cxb3 13. Qxb3 a6 14. h4 Nbd7 15. h5 h6 16. Ne5 O-O 17. Qb2 Nxe5 18. Bxe5 Ne8 19. Qd2 Bd7 20. Rh4 f6 21. Bc3 Rf7 22. Bd3 f5 23. Bf1 Nf6 24. f3 Nd5 25. Be5 Rc8 26. Bd3 Nb6 27. Rd4 Bc6 28. Qa2 Bd5 29. Rxd5 Nxd5 30. Qxa6 Nxe3 31. Qxb5 Qxb5 32. Bxb5 Nc2+ 33. Kf2 Nxa1 34. Bxa1 Rc5 35. Be8 Ra7 36. Bd4 Ra2+ 37. Kg3 Rd5 0-1

[Event "ISR-chT"]
[Site "Israel"]
[Date "1999.03.26"]
[Round "5"]
[White "Roiz, Michael"]
[Black "Rabinovich, Alexander"]
[Result "1/2-1/2"]
[WhiteElo "2355"]
[BlackElo "2437"]
[PlyCount "82"]
[GameId "1166641774153728"]
[EventDate "1999.01.??"]
[EventType "team"]
[EventRounds "11"]
[EventCountry "ISR"]
[SourceTitle "EXT 2000"]
[Source "ChessBase"]
[SourceDate "1999.11.18"]
[SourceVersion "1"]
[SourceVersionDate "1999.11.18"]
[SourceQuality "1"]

1. e4 c5 2. Nf3 e6 3. Nc3 a6 4. g3 b5 5. Bg2 Bb7 6. d3 d6 7. O-O Nf6 8. Qe2 Be7 9. a4 b4 10. Nd1 O-O 11. e5 dxe5 12. Nxe5 Bxg2 13. Kxg2 Qc7 14. b3 Nd5 15. Bb2 Nc6 16. Nxc6 Qxc6 17. Qf3 f5 18. Ne3 f4 19. Nxd5 exd5 20. g4 Bd6 21. Rfe1 Rae8 22. Rxe8 Rxe8 23. Kf1 h6 24. Re1 Rxe1+ 25. Kxe1 Qe8+ 26. Qe2 Qg6 27. f3 Kf7 28. Kf1 h5 29. h3 hxg4 30. hxg4 Qh6 31. Kg2 Qh4 32. Bc1 Qg3+ 33. Kf1 Qh4 34. Kg2 Qf6 35. Bd2 Be5 36. Be1 Bd4 37. Kf1 Qh6 38. Kg2 Be3 39. Qf1 Qf6 40. Qh1 Qg6 41. Qh8 Qe6 1/2-1/2

[Event "ISR-chT"]
[Site "Israel"]
[Date "1999.03.19"]
[Round "8"]
[White "Mikhalevski, Victor"]
[Black "Rabinovich, Alexander"]
[Result "1-0"]
[WhiteElo "2531"]
[BlackElo "2437"]
[PlyCount "61"]
[GameId "1165542797537280"]
[EventDate "1999.01.??"]
[EventType "team"]
[EventRounds "11"]
[EventCountry "ISR"]
[SourceTitle "CBM 070"]
[Source "ChessBase"]
[SourceDate "1999.06.08"]
[SourceVersion "1"]
[SourceVersionDate "1999.06.08"]
[SourceQuality "1"]

1. d4 d5 2. c4 e6 3. Nf3 c6 4. g3 dxc4 5. Bg2 b5 6. O-O Bb7 7. a4 Nd7 8. Nc3 b4 9. Ne4 c5 10. Ne5 Bd5 11. Nxf7 Kxf7 12. Ng5+ Ke8 13. e4 Bb7 14. Nxe6 Qb6 15. d5 a5 16. e5 Ne7 17. f4 Nf5 18. Be4 Nh6 19. Be3 g6 20. Qf3 Nf7 21. Rad1 Rb8 22. d6 Bh6 23. Bd5 Nd8 24. Nc7+ Kf8 25. f5 Bxe3+ 26. Qxe3 h6 27. fxg6+ Kg7 28. Rf7+ Nxf7 29. Ne6+ Kg8 30. gxf7+ Kxf7 31. Qf3+ 1-0

[Event "ISR-chT"]
[Site "Israel"]
[Date "1999.05.07"]
[Round "10"]
[White "Haimovich, Tal"]
[Black "Rabinovich, Alexander"]
[Result "1-0"]
[WhiteElo "2235"]
[BlackElo "2437"]
[PlyCount "113"]
[GameId "1166641774710784"]
[EventDate "1999.01.??"]
[EventType "team"]
[EventRounds "11"]
[EventCountry "ISR"]
[SourceTitle "EXT 2000"]
[Source "ChessBase"]
[SourceDate "1999.11.18"]
[SourceVersion "1"]
[SourceVersionDate "1999.11.18"]
[SourceQuality "1"]

1. d4 d5 2. c4 e6 3. Nc3 c5 4. e3 Nf6 5. Nf3 a6 6. dxc5 Bxc5 7. a3 O-O 8. b4 Bd6 9. cxd5 exd5 10. Bb2 Nc6 11. Be2 Be6 12. O-O Qe7 13. Rc1 Rad8 14. Nb1 Bb8 15. Nbd2 Ne4 16. Nb3 Bg4 17. Nbd4 Ne5 18. Rc2 Nc4 19. Bc1 Qd6 20. g3 Rfe8 21. Nh4 Bh3 22. Re1 Ba7 23. Bg4 Bxg4 24. Qxg4 Qf6 25. Nhf3 g6 26. Rd1 Rc8 27. Qf4 Qe7 28. h4 Bb8 29. Qg4 h5 30. Qh3 Ba7 31. Qf1 Nxg3 32. fxg3 Nxe3 33. Bxe3 Qxe3+ 34. Rf2 Qxa3 35. Kg2 Rc3 36. Re2 Rxe2+ 37. Qxe2 Qxb4 38. Qe5 Qb2+ 39. Rd2 Bxd4 40. Rxb2 Bxe5 41. Nxe5 Rc7 42. Rd2 Kf8 43. Rxd5 Ke7 44. Rd3 Ke6 45. Nf3 f6 46. Kf2 Rc4 47. Ke3 Rb4 48. Rd8 Kf5 49. Rg8 Re4+ 50. Kf2 b5 51. Nd2 Rd4 52. Nf1 b4 53. Re8 Kg4 54. Kg2 Rd3 55. Ne3+ Rxe3 56. Rxe3 a5 57. Re6 1-0

[Event "Apeldoorn tt U18"]
[Site "Apeldoorn"]
[Date "1999.07.13"]
[Round "1"]
[White "Rabinovich, Alexander"]
[Black "Vink, Nico"]
[Result "1/2-1/2"]
[WhiteElo "2413"]
[BlackElo "2271"]
[PlyCount "43"]
[GameId "1166641956352000"]
[EventDate "1999.07.??"]
[EventType "team"]
[EventRounds "3"]
[EventCountry "NED"]
[SourceTitle "EXT 2002"]
[Source "ChessBase"]
[SourceDate "2001.11.25"]
[SourceVersion "1"]
[SourceVersionDate "2001.11.25"]
[SourceQuality "1"]

1. d4 Nf6 2. Nc3 d5 3. Bg5 Nbd7 4. f3 c5 5. e3 e6 6. Nh3 Be7 7. Be2 b6 8. O-O Bb7 9. f4 Rc8 10. f5 exf5 11. Rxf5 h6 12. Bh4 O-O 13. Qf1 Ne8 14. Bg3 Nd6 15. Rf3 Ne4 16. Rd1 Nxg3 17. Rxg3 Bd6 18. Rf3 Nf6 19. Ba6 Bxa6 20. Qxa6 Bb8 21. dxc5 Rxc5 22. Qd3 1/2-1/2

[Event "Apeldoorn tt U18"]
[Site "Apeldoorn"]
[Date "1999.07.14"]
[Round "2"]
[White "Rabinovich, Alexander"]
[Black "Machelett, Heiko"]
[Result "0-1"]
[WhiteElo "2413"]
[BlackElo "2380"]
[PlyCount "108"]
[GameId "1166641956392960"]
[EventDate "1999.07.??"]
[EventType "team"]
[EventRounds "3"]
[EventCountry "NED"]
[SourceTitle "EXT 2002"]
[Source "ChessBase"]
[SourceDate "2001.11.25"]
[SourceVersion "1"]
[SourceVersionDate "2001.11.25"]
[SourceQuality "1"]

1. d3 Nf6 2. d4 d6 3. c4 Bd7 4. Nc3 Bf5 5. f3 e5 6. e4 exd4 7. Nb5 Bd7 8. Nxd4 g6 9. Nge2 Bg7 10. Nc3 O-O 11. Be2 Nc6 12. Nc2 Nh5 13. O-O f5 14. exf5 Bxf5 15. f4 Qh4 16. Bxh5 Bxc2 17. Qxc2 Qxh5 18. Be3 Rae8 19. Rae1 Rxe3 20. Rxe3 Bd4 21. Nd5 Bxe3+ 22. Nxe3 Nd4 23. Qd1 Ne2+ 24. Kf2 Nxf4 25. Qxh5 Nxh5+ 26. Ke2 Rxf1 27. Kxf1 Nf4 28. g3 Nd3 29. Nd1 Kf7 30. b3 Ke6 31. Nc3 c6 32. Ke2 Ne5 33. Ne4 h6 34. h3 Nd7 35. Ke3 b6 36. g4 Nf6 37. Nd2 d5 38. Nf3 c5 39. Nh4 g5 40. Ng2 Nd7 41. cxd5+ Kxd5 42. Ne1 Ne5 43. Nc2 b5 44. Na3 a6 45. Nc2 Nc6 46. Kd2 Ke4 47. Ne3 Nd4 48. Nf1 Nf3+ 49. Kc3 Ne5 50. Ng3+ Kf4 51. Nh5+ Kf3 52. Nf6 Kg3 53. Ne4+ Kxh3 54. Nxc5 Kxg4 0-1

[Event "Apeldoorn tt U18"]
[Site "Apeldoorn"]
[Date "1999.07.15"]
[Round "3"]
[White "De Vreugt, Dennis"]
[Black "Rabinovich, Alexander"]
[Result "0-1"]
[WhiteElo "2398"]
[BlackElo "2413"]
[PlyCount "76"]
[GameId "1166641956425728"]
[EventDate "1999.07.??"]
[EventType "team"]
[EventRounds "3"]
[EventCountry "NED"]
[SourceTitle "EXT 2002"]
[Source "ChessBase"]
[SourceDate "2001.11.25"]
[SourceVersion "1"]
[SourceVersionDate "2001.11.25"]
[SourceQuality "1"]

1. e4 c5 2. Nf3 e6 3. d4 cxd4 4. Nxd4 a6 5. Bd3 Qb6 6. Nb3 Qc7 7. Nc3 b5 8. Be3 Bb7 9. f4 Nf6 10. e5 b4 11. Nb5 axb5 12. exf6 gxf6 13. Rg1 Bd5 14. Nd4 Bc5 15. Qg4 Qb6 16. Qg7 Bxd4 17. Qxh8+ Ke7 18. Bxd4 Qxd4 19. Ke2 Qxf4 20. Rgf1 Qg4+ 21. Ke1 Qg5 22. Rf2 Bxg2 23. Bxb5 Bb7 24. Be2 b3 25. cxb3 Na6 26. Qxh7 Nc5 27. Bf1 Qe3+ 28. Re2 Qf4 29. Bg2 Bxg2 30. Rxg2 Nxb3 31. Rd1 Qe3+ 32. Kf1 Qf3+ 33. Ke1 Qxg2 34. axb3 Ra5 35. Rxd7+ Kxd7 36. Qxf7+ Kd6 37. Qf8+ Ke5 38. Qb8+ Kf5 0-1

[Event "Dieren op"]
[Site "Dieren"]
[Date "1999.07.28"]
[Round "9"]
[White "Hartoch, Robert G"]
[Black "Rabinovich, Alexander"]
[Result "1/2-1/2"]
[WhiteElo "2329"]
[BlackElo "2413"]
[PlyCount "34"]
[GameId "1166642001518592"]
[EventDate "1999.07.20"]
[EventType "swiss"]
[EventRounds "9"]
[EventCountry "NED"]
[SourceTitle "CBM 071 Extra"]
[Source "ChessBase"]
[SourceDate "1999.09.14"]
[SourceVersion "1"]
[SourceVersionDate "1999.09.14"]
[SourceQuality "1"]

1. Nf3 d6 2. d4 Bg4 3. Nbd2 Nd7 4. g3 g6 5. Bg2 Bg7 6. O-O Bxf3 7. Nxf3 Ngf6 8. b3 c5 9. Bb2 cxd4 10. Nxd4 Rb8 11. c4 O-O 12. e3 a6 13. Qe2 Nc5 14. Rfd1 Qc7 15. Rac1 Rfe8 16. Nc2 e5 17. Nb4 a5 1/2-1/2

[Event "Lost Boys op"]
[Site "Antwerp"]
[Date "1999.08.01"]
[Round "3"]
[White "Rabinovich, Alexander"]
[Black "Van der Wiel, John"]
[Result "1/2-1/2"]
[WhiteElo "2413"]
[BlackElo "2544"]
[PlyCount "29"]
[GameId "1166642006106112"]
[EventDate "1999.07.30"]
[EventType "swiss"]
[EventRounds "9"]
[EventCountry "BEL"]
[SourceTitle "EXT 2000"]
[Source "ChessBase"]
[SourceDate "1999.11.18"]
[SourceVersion "1"]
[SourceVersionDate "1999.11.18"]
[SourceQuality "1"]

1. d4 Nf6 2. c4 e6 3. Nc3 Bb4 4. Qc2 O-O 5. a3 Bxc3+ 6. Qxc3 d6 7. Bg5 Nbd7 8. e3 e5 9. Nf3 Re8 10. Be2 Qe7 11. Qc2 Nf8 12. O-O-O Bg4 13. Rhe1 h6 14. Bh4 Ng6 15. h3 1/2-1/2

[Event "ISR-chT"]
[Site "Ramat Aviv"]
[Date "2000.01.14"]
[Round "1.3"]
[White "Bykhovsky, Avigdor"]
[Black "Rabinovich, Alexander"]
[Result "0-1"]
[WhiteElo "2467"]
[BlackElo "2406"]
[PlyCount "79"]
[GameId "1166642547625984"]
[EventDate "2000.01.14"]
[EventType "team"]
[EventRounds "11"]
[EventCountry "ISR"]
[SourceTitle "CBM 074 Extra"]
[Source "ChessBase"]
[SourceDate "2000.03.10"]
[SourceVersion "2"]
[SourceVersionDate "2000.03.10"]
[SourceQuality "1"]
[WhiteTeam "Herzliya"]
[BlackTeam "Kfar Saba"]
[WhiteTeamCountry "ISR"]
[BlackTeamCountry "ISR"]

1. d4 d5 2. c4 e6 3. Nf3 dxc4 4. e3 b5 5. a4 c6 6. axb5 cxb5 7. b3 Bb4+ 8. Bd2 Bxd2+ 9. Nbxd2 a5 10. bxc4 b4 11. Bd3 Nf6 12. O-O O-O 13. Ne5 Bb7 14. f4 Nbd7 15. h3 Qc7 16. Rf2 g6 17. Qb3 Rfb8 18. c5 Bc6 19. Nxc6 Qxc6 20. Ra4 Nd5 21. Nc4 Qc7 22. Be4 N7f6 23. Bf3 Ra7 24. Ra1 Nc3 25. Nb6 Rxb6 26. cxb6 Qxb6 27. Rb2 Rc7 28. Kh1 Nfd5 29. Bxd5 exd5 30. Rc1 Qe6 31. Re1 Rc4 32. Rc2 Qe4 33. Rd2 a4 34. Qb2 b3 35. Rf2 Nb5 36. f5 gxf5 37. Ref1 f4 38. Rxf4 Rc2 39. Rxe4 Rxb2 40. Re8+ 0-1

[Event "ISR-chT"]
[Site "Ramat Aviv"]
[Date "2000.03.17"]
[Round "6.3"]
[White "Rabinovich, Alexander"]
[Black "Birnboim, Nathan"]
[Result "1/2-1/2"]
[WhiteElo "2406"]
[BlackElo "2398"]
[PlyCount "31"]
[GameId "1166642548367360"]
[EventDate "2000.01.14"]
[EventType "team"]
[EventRounds "11"]
[EventCountry "ISR"]
[SourceTitle "CBM 077"]
[Source "ChessBase"]
[SourceDate "2000.07.27"]
[SourceVersion "1"]
[SourceVersionDate "2000.07.27"]
[SourceQuality "1"]
[WhiteTeam "Kfar Saba"]
[BlackTeam "Jerusalem Elitzur"]
[WhiteTeamCountry "ISR"]
[BlackTeamCountry "ISR"]

1. d4 Nf6 2. Bg5 c6 3. Nc3 d5 4. f3 Qb6 5. Qd3 Qxb2 6. Rb1 Qa3 7. e4 Na6 8. exd5 Nxd5 9. Nxd5 Qxd3 10. Bxd3 cxd5 11. Bb5+ Bd7 12. Bxd7+ Kxd7 13. Rxb7+ Kc6 14. Rb3 e6 15. Ne2 Bd6 16. Kf2 1/2-1/2

[Event "ISR-chT"]
[Site "Ramat Aviv"]
[Date "2000.03.24"]
[Round "7.3"]
[White "Lurie, Michael"]
[Black "Rabinovich, Alexander"]
[Result "1/2-1/2"]
[WhiteElo "2276"]
[BlackElo "2406"]
[PlyCount "51"]
[GameId "1166642548514816"]
[EventDate "2000.01.14"]
[EventType "team"]
[EventRounds "11"]
[EventCountry "ISR"]
[SourceTitle "CBM 077"]
[Source "ChessBase"]
[SourceDate "2000.07.27"]
[SourceVersion "1"]
[SourceVersionDate "2000.07.27"]
[SourceQuality "1"]
[WhiteTeam "Netanya"]
[BlackTeam "Kfar Saba"]
[WhiteTeamCountry "ISR"]
[BlackTeamCountry "ISR"]

1. e4 c5 2. Nf3 e6 3. d4 cxd4 4. Nxd4 a6 5. Bd3 Qb6 6. Nb3 Qc7 7. O-O Nf6 8. Be3 Be7 9. N1d2 d6 10. a4 b6 11. a5 b5 12. c4 b4 13. Bb6 Qb7 14. c5 d5 15. exd5 Nxd5 16. Be4 Bd7 17. Nc4 Bb5 18. Ne3 Bc6 19. Nxd5 Bxd5 20. Bxd5 exd5 21. Qd4 O-O 22. Qxb4 Nc6 23. Qa4 Bf6 24. Rad1 Bxb2 25. Rxd5 Nxa5 26. Rd3 1/2-1/2

[Event "ISR-chT"]
[Site "Ramat Aviv"]
[Date "2000.03.31"]
[Round "8.2"]
[White "Soffer, Ram"]
[Black "Rabinovich, Alexander"]
[Result "1/2-1/2"]
[WhiteElo "2515"]
[BlackElo "2406"]
[PlyCount "36"]
[GameId "1166642548690944"]
[EventDate "2000.01.14"]
[EventType "team"]
[EventRounds "11"]
[EventCountry "ISR"]
[SourceTitle "CBM 077"]
[Source "ChessBase"]
[SourceDate "2000.07.27"]
[SourceVersion "1"]
[SourceVersionDate "2000.07.27"]
[SourceQuality "1"]
[WhiteTeam "Petah Tikva Hapoel"]
[BlackTeam "Kfar Saba"]
[WhiteTeamCountry "ISR"]
[BlackTeamCountry "ISR"]

1. c4 e5 2. Nc3 d6 3. g3 Be6 4. Bg2 c6 5. d3 Nf6 6. e4 Qd7 7. Nf3 h6 8. O-O Be7 9. b3 Bh3 10. d4 Bxg2 11. Kxg2 Qc7 12. Bb2 O-O 13. Qe2 Nbd7 14. Rad1 Rfe8 15. Nh4 Bf8 16. d5 a6 17. Nf5 g6 18. Ne3 c5 1/2-1/2

[Event "ISR-chT"]
[Site "Ramat Aviv"]
[Date "2000.04.28"]
[Round "9.1"]
[White "Kortschnoj, Viktor Lvovich"]
[Black "Rabinovich, Alexander"]
[Result "0-1"]
[WhiteElo "2659"]
[BlackElo "2406"]
[PlyCount "98"]
[GameId "1166642548842496"]
[EventDate "2000.01.14"]
[EventType "team"]
[EventRounds "11"]
[EventCountry "ISR"]
[SourceTitle "CBM 077"]
[Source "ChessBase"]
[SourceDate "2000.07.27"]
[SourceVersion "1"]
[SourceVersionDate "2000.07.27"]
[SourceQuality "1"]
[WhiteTeam "Rishon Le Zion Kasparov"]
[BlackTeam "Kfar Saba"]
[WhiteTeamCountry "ISR"]
[BlackTeamCountry "ISR"]

1. Nf3 d5 2. b3 c5 3. e3 a6 4. Bb2 Nc6 5. c4 d4 6. exd4 cxd4 7. Bd3 g6 8. O-O Bg7 9. Re1 Nh6 10. Be4 O-O 11. d3 Re8 12. Qe2 a5 13. Bxc6 bxc6 14. Nbd2 Nf5 15. Ne4 h5 16. Ba3 e5 17. Bc5 Bf8 18. Bxf8 Kxf8 19. a3 Nd6 20. Qd2 Kg7 21. Nc5 f6 22. h3 g5 23. Nh2 g4 24. hxg4 hxg4 25. f3 gxf3 26. gxf3 Rh8 27. Re2 Ra7 28. f4 Kf8 29. fxe5 Rg7+ 30. Kh1 Nf5 31. Rg1 Ng3+ 32. Rxg3 Rxg3 33. e6 Ke7 34. Qf4 Rhg8 35. Re1 R3g6 36. Qh4 Rh8 37. Qf4 Qd6 38. Qxd6+ Kxd6 39. b4 axb4 40. axb4 f5 41. Nb3 Bxe6 42. Nxd4 Bd7 43. Ndf3 f4 44. c5+ Kc7 45. Re7 Rg3 46. Ne5 Ra8 47. Nhg4 Ra1+ 48. Kh2 Ra2+ 49. Kh1 f3 0-1